000 00311nam a2200121Ia 4500
008 210428s9999 xx 000 0 und d
082 _a662.2 C683 U
100 _aRobert H.Cole
_952224
245 0 _aUnder Water Explosions
260 _bDover Publications,Inc
_aNew York
_c1948
300 _a437p.
942 _cBK
999 _c559999
_d559999